| 000 | 00601nam a2200193 a 4500 | ||
|---|---|---|---|
| 001 | 3007 | ||
| 003 | CDMR | ||
| 005 | 20131018172210.0 | ||
| 008 | 130130s1977||||||||||||||||||||||||||||d | ||
| 040 |
_aCDMR _bcat _cCDMR |
||
| 100 | 1 |
_aRucker, Frank Warren _92209 |
|
| 245 | 1 | 0 |
_aOrganización y administración de periódicos _cFrank W. Rucker, Herbert Lee Williams |
| 260 |
_aBuenos Aires _c1977 _bMarymar |
||
| 300 |
_a568 p. _c23 cm |
||
| 490 | 0 | _aPeriodismo (Marymar) | |
| 650 | 0 | 4 |
_93665 _aEmpreses periodístiques _xDirecció i administració |
| 700 | 1 |
_94144 _aWilliams, Herbert Lee |
|
| 942 |
_cMON _2udc |
||
| 999 |
_c3007 _d3007 |
||